000 00829nac a22002657a 4500
001 BR7907441
003 BR-BrBNA
005 20240105114537.0
008 230509b bl.|||m| |||| 00| 0 por d
040 _aBR-BrBNA
_bpor
_cBiblioteca Nacional de Agricultura
072 _aT00
090 _aT00 BR7907441
100 1 _aBraile, V.V.
110 1 _aFundacao Estadual de Engenharia do Meio Ambiente, Rio de Janeiro, RJ (Brasil)
_94883
245 1 _aPoluicao do ar no Brasil Participacao da industria
260 3 _aRio de Janeiro, RJ (Brasil):
_c1979.
300 _a62 p.
490 _aCadernos FEEMA. Serie Tecnica (Brazil)
_vno. 7
_x
500 _a64 tables; 40 ref.; 19 illus.
650 _aAR
650 _aPOLUICAO
650 _aINDUSTRIA
909 _a202312
_bLúcia Elande
_c55
_dLúcia Elande
942 _2AGRIS
_n0
_cMS
999 _c269950
_d269950